| 000 | 00874nac a22003130a 4500 | ||
|---|---|---|---|
| 001 | PT61522 | ||
| 003 | AR-LpoUNG | ||
| 005 | 20210201005611.0 | ||
| 008 | 201001s1978||||xxk|||||||||||||||||eng d | ||
| 020 |
_a0582524334 _c$5.30 |
||
| 040 |
_aAR-LpoUNG _bspa _eaacr |
||
| 041 | _aeng | ||
| 044 | _axxk | ||
| 082 | 0 | _a428 259v1 | |
| 100 | 1 | _aWard, John Millington | |
| 245 | 1 | 0 |
_aBritish and american english : _bshort stories and other writings : a comparison with comments and exercies |
| 250 | _a1ra. ed., 3ra. reimpr. | ||
| 260 |
_aLondon : _bLongman, _c1978. |
||
| 300 |
_axi, 244 p. : _bfot. _3Impreso |
||
| 490 | 0 | _aBritish and american english | |
| 650 | 4 | _aCUENTOS | |
| 650 | 4 | _aENSEĆANZA DE IDIOMAS | |
| 650 | 4 | _aGRAMATICA | |
| 650 | 4 | _aLABORATORIOS DE IDIOMAS | |
| 650 | 4 | _aLECTURA | |
| 650 | 4 | _aLENGUA INGLESA | |
| 905 | _a61522 | ||
| 942 | _cLIB | ||
| 999 |
_c50444 _d50444 |
||